00526nam a2200157 i 4500001000700000003000900007005001700016007000300033008004100036100002400077245012600101260003100227300002100258710005600279852003300335128701ES-MaACL20230906193338.0t|070523s1961 sp ||||1| spa d1 aTarragona, Eduardo.10aEspaña b: los siete y los seis : [conferencia pronunciada en la Cámara de Comercio de Madrid] / cEduardo Tarragona. aMadrid : b[s.n.], c1961. a23 p. ; c25 cm.2 aCámara Oficial de Comercio e Industria de Madrid. aES-MaACLj2028-F-7 bR.48437